| 000 | 00349 a2200097 4500 | ||
|---|---|---|---|
| 082 | _a624.17 KAR | ||
| 100 | _aKaramat Ullah | ||
| 245 |
_aPrediction of Shear Strength in Higher Strength Concrete Beams [MS Thesis] / _cKaramat Ullah |
||
| 260 |
_aRisalpur : _bNational Institute of Transportation, _c2009 |
||
| 300 |
_axii, 60p. : _bill. ; _c30 cm _eCD |
||
| 650 | _aStructural Engineering | ||
| 999 |
_c1980 _d1980 |
||